Lyrics to 'Alas' from Soy Luna - Statistics

General Stats
  • This quiz has been taken 78 times
  • The average score is 196 of 263
Answer Stats
Answer % Correct
alas
95%
la
93%
La
93%
es
90%
Es
90%
Esto
88%
mi
88%
Mi
88%
puede
88%
Y
88%
y
88%
cielo
86%
no
86%
No
86%
sueño
86%
de
83%
mágico
83%
Nada
83%
nada
83%
Que
83%
que
83%
el
81%
Estoy
81%
real
81%
81%
Si
81%
si
81%
todo
81%
voy
81%
cerca
79%
Porque
79%
tan
79%
Yo
79%
alcanzar
76%
este
76%
gravedad
76%
Sólo
76%
sólo
76%
suceder
76%
Desafiando
74%
detener
74%
emoción
74%
en
74%
En
74%
hay
74%
Hay
74%
miedo
74%
mueve
74%
un
74%
vuelvo
74%
existe
71%
fuerza
71%
me
71%
huracán
69%
atrás
67%
está
67%
interior
67%
mis
67%
Nunca
67%
Bajo
64%
intentar
64%
pies
64%
caigo
62%
dejo
62%
lejos
60%
Lejos
60%
lo
60%
Cuando
57%
más
57%
dudar
55%
vuelta
55%
destino
52%
para
52%
prohibido
50%
Cada
48%
siento
48%
vez
48%
avanzar
43%
Algo
40%
arriesgarlo
40%
reto
40%
espero
36%
despertar
33%
enfrentar
33%
mundo
33%
quiere
31%
Con
26%
libertad
26%
puente
24%
Deslizándome
19%
No matching quizzes found
Score Distribution
Percent of People with Each Score
Percentile by Number Answered
Your Score History
You have not taken this quiz